7 keys to happiness / (Record no. 101413)

MARC details
000 -LEADER
fixed length control field 00517nam a22001817a 4500
005 - DATE AND TIME OF LATEST TRANSACTION
control field 20230510143509.0
010 ## - LCCN (DPL NO)
LC control number ENG-115483
020 ## - INTERNATIONAL STANDARD BOOK NUMBER
International Standard Book Number 9789350570623
Terms of availability 120.00
035 ## - SYSTEM CONTROL NUMBER
System control number EN-99015
037 ## - SOURCE OF ACQUISITION
Source of stock number/acquisition DBAD/PUB
082 ## - DEWEY DECIMAL CLASSIFICATION NUMBER
Classification number 158.1
100 ## - MAIN ENTRY--PERSONAL NAME
Personal name Budhiraja,G.D.
245 ## - TITLE STATEMENT
Title 7 keys to happiness /
Statement of responsibility, etc by G.D. Budhiraja
260 ## - PUBLICATION, DISTRIBUTION, ETC. (IMPRINT)
Place of publication, distribution, etc New Delhi
Name of publisher, distributor, etc V & S Publishers
Date of publication, distribution, etc 2013
270 ## - ADDRESS
Address F-2/16,Ansari Road,Daryaganj
City New Delhi
Postal code 110002
300 ## - PHYSICAL DESCRIPTION
Extent 117p.
Dimensions 21cm(pbk)
942 ## - ADDED ENTRY ELEMENTS (KOHA)
Source of classification or shelving scheme Dewey Decimal Classification
Item type English Books
Classification part 158.1
Call number suffix BUD
Holdings
Withdrawn status Lost status Not for loan Collection code Home library Current library Date acquired Source of acquisition Cost, normal purchase price Full call number Barcode Copy number Cost, replacement price Koha item type
      Non-fiction Shahdara Branch Shahdara Branch 21/07/2016 DBAD/PUB 120.00 158.1 BUD EN-99015 1 120.00 English Books

© Delhi Public Library
Hit Counter
free hit counter